Chữ viết và dạy chữ viết ở tiểu học
Wedi'i Gadw mewn:
| Prif Awdur: | |
|---|---|
| Fformat: | Llyfr |
| Cyhoeddwyd: |
H.
Đại Học Sư Phạm
2002
|
| Pynciau: | |
| Tagiau: |
Ychwanegu Tag
Dim Tagiau, Byddwch y cyntaf i dagio'r cofnod hwn!
|
| Thư viện lưu trữ: | Trung tâm Học liệu Lê Vũ Hùng, Trường Đại học Đồng Tháp |
|---|
| LEADER | 00709nam a22002298a 4500 | ||
|---|---|---|---|
| 001 | 00023307 | ||
| 005 | 20190420170425.0 | ||
| 008 | 110616s2003 ||||||Viesd | ||
| 041 | 0 | # | |a Vie |
| 082 | 1 | 4 | |a 372.62 |b CH550V |
| 100 | 0 | # | |a Lê A |
| 245 | 0 | 0 | |a Chữ viết và dạy chữ viết ở tiểu học |c Lê A |
| 260 | # | # | |a H. |b Đại Học Sư Phạm |c 2002 |
| 300 | # | # | |a 183 tr. |c 21 cm. |
| 653 | # | # | |a Chữ Viết |
| 653 | # | # | |a Tiểu Học |
| 653 | # | # | |a Dạy học |
| 852 | # | # | |a duyên |
| 852 | # | # | |j KD.0009747 |
| 852 | # | # | |b Kho đọc |j KD.0009747 |
| 910 | # | # | |d 16/06/2011 |e ltkchi |f 20/04/2019 |
| 980 | # | # | |a Trung tâm Học liệu Lê Vũ Hùng, Trường Đại học Đồng Tháp |